| 000 | 00915nam a22001457a 4500 | ||
|---|---|---|---|
| 008 | 190601b xxu||||| |||| 00| 0 eng d | ||
| 020 | _a2850564192 | ||
| 082 |
_a779.944 _bF778r |
||
| 100 |
_aFournié, Pierre y Gervereau, Laurent _97068 |
||
| 245 | _aRegards sur le monde: trésors photographiques du Quai d'Orsay, 1860-1914 | ||
| 260 |
_aParis _bSomogy éditions d'art _c2000 |
||
| 300 |
_a192 p. _bill (col). _c28 x 24,5 cm |
||
| 505 |
_tPréface: _rHubert Védrine _tIntroduction: _rRené Rémond _tDiplomates et aventuriers: _rRoger Thérond _tLe fonds photographique de Quai d'Orsay: _rPierre Fournié _tVoir l'autre, refléter les images: _rLaurent Gervereau _tLa collection _tRegards sur l'Asie _tRegards sur le Moyen-Orient _tRegards sur l'Afrique de Nord _tRegards sur l'Afrique subsaharienne _tRegards sur l'Amérique latine |
||
| 650 |
_2Arte contemporáneo _vArte - Fotografía _xExhibiciones - Fotografía _97069 |
||
| 999 |
_c1800 _d1800 |
||